000 00719nam a2200217 i 4500
001 40339
003 ES-MaACL
005 20251015063052.0
007 t|
008 030305s1894 sp ||||1| spa d
080 _a929 Bárbara, Santa
100 1 _aCarrasco y Saiz del Campo, Adolfo,
_d1830-1906
_935577
245 1 0 _aSanta Bárbara bendita /
_cAdolfo Carrasco y Sayz.
260 _aMadrid :
_b[s.n.],
_c1894 (
_fImp. del Cuerpo de Artillería)
300 _a26 p. ;
_c24 cm.
490 1 _aPublicaciones del "Memorial de Artillería"
600 0 4 _aBárbara
_cSanta.
_9152598
830 0 _aPublicaciones del "Memorial de Artillería"
_9181853
852 _aES-MaACL
_jT-849-F-1
999 _c40339
_d40339